Psicología y psicopatología del desarrollo: desde el nacimiento hasta los 20 años
Збережено в:
| Автор: | |
|---|---|
| Формат: | Книга |
| Мова: | Іспанська |
| Опубліковано: |
Buenos Aires
Paidós
1970
|
| Серія: | Biblioteca del Educador Contemporáneo, 118
|
| Предмети: | |
| Теги: |
Додати тег
Немає тегів, Будьте першим, хто поставить тег для цього запису!
|
MARC
| LEADER | 00000nam a2200000 a 4500 | ||
|---|---|---|---|
| 001 | UCW9739 | ||
| 003 | CL-VaPUC | ||
| 008 | 890614e19700000AG |||||||||||||||||spa|d | ||
| 082 | 0 | 4 | |a 155 |b STO |2 21 |
| 100 | 0 | |a Stone, L. Joseph |e author |9 315143 | |
| 245 | 1 | 0 | |a Psicología y psicopatología del desarrollo: desde el nacimiento hasta los 20 años |
| 300 | |a 202 p | ||
| 942 | |c BK | ||
| 945 | |d 19890614 00:00:00 | ||
| 260 | |a Buenos Aires |b Paidós |c 1970 | ||
| 650 | 7 | |a CRECIMIENTO |2 CL-VaPUC |9 315144 | |
| 650 | 0 | |a Psicología del aprendizaje |9 306854 | |
| 650 | 0 | |a Psicología evolutiva |9 271069 | |
| 650 | 7 | |a PSICOLOGIA GENETICA |2 CL-VaPUC |9 308771 | |
| 583 | |a last modification |c 19890614 00:00:00 |k Rodrigo Vera | ||
| 490 | 0 | |a Biblioteca del Educador Contemporáneo, 118 | |
| 999 | |c 221639 |d 221637 | ||
| 952 | |0 0 |1 0 |4 0 |6 155_000000000000000_STO_1970 |7 0 |8 A |9 215319 |a BIBGIM |b BIBGIM |d 2019-11-15 |i 2837390 |o 155 STO 1970 |p 2837390 |r 2025-01-15 |w 2019-11-15 |y BK |k SSL | ||
| 952 | |0 0 |1 0 |4 0 |6 155_000000000000000_STO_1970 |7 0 |8 A |9 215320 |a BIBGIM |b BIBGIM |d 2019-11-15 |i 2837404 |o 155 STO 1970 |p 2837404 |r 2025-01-15 |w 2019-11-15 |y BK |k SSL | ||
| 952 | |0 0 |1 0 |4 0 |6 155_000000000000000_STO_1970 |7 0 |8 P |9 215321 |a BIBEDU |b BIBEDU |c BIBEDU_PB |d 2019-11-15 |i 1505203 |o 155 STO 1970 |p 1505203 |r 2024-01-25 |w 2019-11-15 |y BK |k EDU | ||
| 952 | |0 0 |1 0 |4 0 |6 155_000000000000000_STO_1970 |7 0 |8 P |9 215322 |a BIBEDU |b BIBEDU |c BIBEDU_PB |d 2019-11-15 |i 1505211 |o 155 STO 1970 |p 1505211 |r 2024-01-25 |w 2019-11-15 |y BK |k EDU | ||
| 952 | |0 0 |1 0 |4 0 |6 155_000000000000000_STO_1970 |7 0 |8 P |9 215323 |a BIBEDU |b BIBEDU |c BIBEDU_PB |d 2019-11-15 |i 150522K |o 155 STO 1970 |p 150522K |r 2024-01-25 |w 2019-11-15 |y BK |k EDU | ||